Principles of forest entomology / (Record no. 13613)

000 -LEADER
fixed length control field 00636cam a2200217 i 4500
020 ## - INTERNATIONAL STANDARD BOOK NUMBER
ISBN 0070350957
040 ## - CATALOGING SOURCE
Transcribing agency DLC
082 00 - DEWEY DECIMAL CLASSIFICATION NUMBER
Classification number 634 HIL 1980 A046 Or.
100 1# - MAIN ENTRY--AUTHOR NAME
Personal name Knight, Fred Barrows,
245 10 - TITLE STATEMENT
Title Principles of forest entomology /
250 ## - EDITION STATEMENT
Edition statement 5th ed.
260 ## - PUBLICATION, DISTRIBUTION, ETC. (IMPRINT)
Place of publication New York :
Name of publisher McGraw-Hill Book Co.,
Year of publication c1980.
300 ## - PHYSICAL DESCRIPTION
Number of Pages xiii, 461 p. :
Other physical details ill. ;
Dimensions 24 cm.
490 0# - SERIES STATEMENT
Series statement McGraw-Hill series in forest resources
500 ## - GENERAL NOTE
General note Fourth ed. (1965) by S. A. Graham and F. B. Knight.
650 #0 - SUBJECT ADDED ENTRY--TOPICAL TERM
Topical Term Forest insects.
650 #0 - SUBJECT ADDED ENTRY--TOPICAL TERM
Topical Term Forest insects
700 1# - ADDED ENTRY--PERSONAL NAME
Personal name Heikkenen, Herman John,
700 1# - ADDED ENTRY--PERSONAL NAME
Personal name Graham, Samuel A.
942 ## - ADDED ENTRY ELEMENTS (KOHA)
Koha item type សៀវភៅភាសាអង់គ្លេស
952 ## - LOCATION AND ITEM INFORMATION (KOHA)
Withdrawn status [LOCAL, KOHA] 0
Holdings
Permanent Location Date acquired Koha item type Lost status Shelving location Barcode Current Location Full call number
Library Block A2017-08-29សៀវភៅភាសាអង់គ្លេស A046A19434Library Block A634 HIL 1980 A046 Or.
មជ្ឈមណ្ឌលឯការនៃសាកលវិទ្យាល័យភូមិន្ទកសិកម្មចំការដូង

Powered by Koha